000 00297nam a22001337a 4500
008 181102b xxu||||| |||| 00| 0 eng d
020 _a9780835904100
041 _aeng
080 _a941
100 _a17
101 _aHIS
245 _aAfrican American Experience
_cHarley, Sh
942 _2udc
_cBK
999 _c51655
_d51655